000 00975nam a2200289 a 4500
999 _c98898
_d98898
003 BLK
005 20241206005450.0
008 180409b bul|||||r ||||||| ||bul||
010 _aKNG00103888000
040 _aBLK
041 _aBUL
_cBUL
080 _aБългарска литература
_b821.163.2
_x-1
_z821.163.2-1
100 _aБагряна, Елисавета
_d1893-1991
_qБелчева, Елисавета Любомирова
_9364149
139 _aБагряна, Елисавета
_bБ 13
245 1 0 _aСтихотворения
_cЕлисавета Багряна.
257 _aBGR
260 _bБълг. писател
_c1966
_aСофия
300 _a151 с.
_c20 см
380 _aX
490 _aБиблиотека за ученика
_9201322
500 _aОфс. изд.
852 _aЦб 40980
_bЦб
856 4 _qpdf
856 4 _qpdf
942 _cKNG
_n0
_s1
944 _aCR
_c01.01.1999
_lCRON CRON
_k